| 000 | 00607nam a2200145 a 4500 | ||
|---|---|---|---|
| 008 | 120416s1997 xx |||||||||||||| || u | ||
| 050 | _aHG 4026 Par | ||
| 100 | _aParkinson, Alan | ||
| 245 | 1 | 0 | _aManagerial finance |
| 260 | _c1997 | ||
| 300 | _a: ill. | ||
| 350 | _a0.00 | ||
| 995 |
_aMAIN LIBRARY OPEN ACCESS _D0.00 _e730124 _FCBU-MAIN LIBRARY (Kitwe) _H1 _I14.95 _jHG 4026 Par _M1 _UAVAILABLE _y027100 _ZMain Library Open Access Collection |
||
| 995 |
_aMAIN LIBRARY OPEN ACCESS _D0.00 _e730125 _FCBU-MAIN LIBRARY (Kitwe) _H1 _I0.00 _jHG 4026 Par _M2 _UAVAILABLE _WNov 20, 2007 _y027099 _ZMain Library Open Access Collection |
||
| 999 |
_c82524 _d82524 |
||